[Event "FICGS class C 000235 email"]
[Site "FICGS email"]
[Date "2015.12.13"]
[Round "1"]
[White "Aksenov, Alexander"]
[Black "Dialfonso, Darren"]
[Result "0-1"]
[WhiteElo "1800"]
[BlackElo "2104"]
[PlyCount "42"]
[EventDate "2015.??.??"]
[EventType "tourn (corr)"]
[EventRounds "1"]
[SourceTitle "Corr 2022"]
[Source "ChessBase"]
[SourceDate "2021.10.24"]
[SourceVersion "1"]
[SourceVersionDate "2021.10.24"]
[SourceQuality "1"]

1. e4 e6 2. d4 d5 3. Nc3 Nf6 4. e5 Nfd7 5. f4 c5 6. Nf3 Nc6 7. Be3 Be7 8. Qd2 0-0 9. dxc5 Nxc5 10. 0-0-0 b6 11. Kb1 Bb7 12. Qe1 Rc8 13. h4 a6 14. h5 Qc7 15. Ne2 b5 16. h6 g6 17. Ned4 b4 18. g4 Nxd4 19. Bxd4 a5 20. Bb5 Ra8 21. f5 Ne4 0-1

[Event "FICGS class C 000235 email"]
[Site "FICGS email"]
[Date "2015.12.13"]
[Round "1"]
[White "Aksenov, Alexander"]
[Black "Duenas, Alexis"]
[Result "0-1"]
[WhiteElo "1800"]
[BlackElo "1910"]
[PlyCount "58"]
[EventDate "2015.??.??"]
[EventType "tourn (corr)"]
[EventRounds "1"]
[SourceTitle "Corr 2022"]
[Source "ChessBase"]
[SourceDate "2021.10.24"]
[SourceVersion "1"]
[SourceVersionDate "2021.10.24"]
[SourceQuality "1"]

1. e4 c5 2. Nf3 d6 3. d4 cxd4 4. Nxd4 Nf6 5. Nc3 a6 6. f3 e5 7. Nb3 Be6 8. Be3 Be7 9. Qd2 0-0 10. 0-0-0 Nbd7 11. g4 b5 12. g5 b4 13. Ne2 Ne8 14. f4 a5 15. f5 a4 16. fxe6 axb3 17. exf7+ Rxf7 18. Kb1 bxc2+ 19. Qxc2 Bxg5 20. Bxg5 Qxg5 21. Ng3 Rf4 22. Bb5 Ndf6 23. Qb3+ Kh8 24. Rhg1 Rb8 25. Bc6 d5 26. a4 Qg4 27. Bxd5 Qd7 28. Rg2 Nxd5 29. Rxd5 Qe7 0-1

[Event "FICGS class C 000235 email"]
[Site "FICGS email"]
[Date "2015.12.13"]
[Round "1"]
[White "Cirulis, Ilmars"]
[Black "Aksenov, Alexander"]
[Result "1-0"]
[WhiteElo "1891"]
[BlackElo "1800"]
[PlyCount "51"]
[EventDate "2015.??.??"]
[EventType "tourn (corr)"]
[EventRounds "1"]
[SourceTitle "Corr 2022"]
[Source "ChessBase"]
[SourceDate "2021.10.24"]
[SourceVersion "1"]
[SourceVersionDate "2021.10.24"]
[SourceQuality "1"]

1. b4 e5 2. a3 d5 3. e3 Nf6 4. Bb2 Bd6 5. c4 c6 6. Nf3 Qe7 7. c5 Bc7 8. Be2 0-0 9. 0-0 e4 10. Nd4 Qe5 11. g3 Bh3 12. Re1 Qg5 13. f4 exf3 14. Nxf3 Qh6 15. Bxf6 Qxf6 16. Nc3 Nd7 17. Bf1 Bg4 18. Be2 Bh3 19. Bf1 Be6 20. Nd4 Be5 21. Nxe6 fxe6 22. Bh3 Bxc3 23. dxc3 Ne5 24. Bg2 Nc4 25. Qd3 a5 26. Rf1 1-0

[Event "FICGS class C 000235 email"]
[Site "FICGS email"]
[Date "2015.12.13"]
[Round "1"]
[White "Duttagupta, Aniruddha"]
[Black "Aksenov, Alexander"]
[Result "1-0"]
[WhiteElo "1889"]
[BlackElo "1800"]
[PlyCount "41"]
[EventDate "2015.??.??"]
[EventType "tourn (corr)"]
[EventRounds "1"]
[SourceTitle "Corr 2022"]
[Source "ChessBase"]
[SourceDate "2021.10.24"]
[SourceVersion "1"]
[SourceVersionDate "2021.10.24"]
[SourceQuality "1"]

1. e4 c5 2. Nf3 Nc6 3. Bb5 g6 4. Bxc6 dxc6 5. d3 Bg7 6. h3 Nf6 7. Nc3 0-0 8. Be3 b6 9. Qd2 e5 10. Bh6 Qd6 11. Bxg7 Kxg7 12. 0-0 Re8 13. a4 a5 14. b3 Nh5 15. Ne2 f6 16. Qc3 Ra7 17. Nd2 Be6 18. Nc4 Qb8 19. Nd2 Rf7 20. Nc4 Qc7 21. g4 1-0

[Event "FICGS class C 000235 email"]
[Site "FICGS email"]
[Date "2015.12.13"]
[Round "1"]
[White "Green, Jonathan"]
[Black "Aksenov, Alexander"]
[Result "1-0"]
[WhiteElo "1980"]
[BlackElo "1800"]
[PlyCount "41"]
[EventDate "2015.??.??"]
[EventType "tourn (corr)"]
[EventRounds "1"]
[SourceTitle "Corr 2022"]
[Source "ChessBase"]
[SourceDate "2021.10.24"]
[SourceVersion "1"]
[SourceVersionDate "2021.10.24"]
[SourceQuality "1"]

1. d4 d5 2. c4 c6 3. Nf3 Nf6 4. Nc3 e6 5. Bg5 h6 6. Bh4 dxc4 7. e4 g5 8. Bg3 b5 9. Ne5 Nbd7 10. Nxc6 Qb6 11. d5 Bb7 12. a4 a6 13. Be2 Bxc6 14. dxc6 Qxc6 15. e5 Nd5 16. Nxd5 Qxd5 17. Qxd5 exd5 18. axb5 Bb4+ 19. Kd1 Nc5 20. bxa6 Ke7 21. Kc2 1-0

[Event "FICGS W-ch st1 g16 email"]
[Site "FICGS email"]
[Date "2012.01.01"]
[Round "1"]
[White "Aksenov, Alexander"]
[Black "Mohandoussaid, Malik"]
[Result "0-1"]
[WhiteElo "1927"]
[BlackElo "1583"]
[PlyCount "26"]
[EventDate "2012.??.??"]
[EventType "tourn (corr)"]
[EventRounds "8"]
[SourceTitle "Corr 2022"]
[Source "ChessBase"]
[SourceDate "2021.10.24"]
[SourceVersion "1"]
[SourceVersionDate "2021.10.24"]
[SourceQuality "1"]

1. e4 d5 2. exd5 Nf6 3. Nf3 Bg4 4. Bb5+ Bd7 5. Bc4 c6 6. Nc3 cxd5 7. Nxd5 Nxd5 8. Bxd5 Nc6 9. Be4 e6 10. d4 Bd6 11. 0-0 Qc7 12. c4 f5 13. Bc2 0-0 0-1

[Event "FICGS W-ch st1 g16 email"]
[Site "FICGS email"]
[Date "2012.01.01"]
[Round "1"]
[White "Cade, Stephen"]
[Black "Aksenov, Alexander"]
[Result "1-0"]
[WhiteElo "2046"]
[BlackElo "1927"]
[PlyCount "41"]
[EventDate "2012.??.??"]
[EventType "tourn (corr)"]
[EventRounds "8"]
[SourceTitle "Corr 2022"]
[Source "ChessBase"]
[SourceDate "2021.10.24"]
[SourceVersion "1"]
[SourceVersionDate "2021.10.24"]
[SourceQuality "1"]

1. d4 d5 2. c4 c6 3. Nf3 Nf6 4. Nc3 e6 5. Bg5 h6 6. Bh4 dxc4 7. e4 g5 8. Bg3 b5 9. Be2 Bb7 10. h4 g4 11. Ne5 Nbd7 12. Nxd7 Qxd7 13. Be5 Qe7 14. 0-0 Rg8 15. b3 Nd7 16. Bg3 b4 17. Na4 c3 18. a3 a5 19. Qd3 h5 20. Rfd1 Rg6 21. Qc2 1-0